000 05210nam a22005417a 4500
005 20120103115530.0
010 _aB-470232-259
020 _a9788171673629
_c95.00
035 _aB-470232-259
037 _bBlue Berry/Ven
082 _aS
100 _aBond, Ruskin
_954103
245 _aThe road to the bazaar /
_cby Ruskin Bond; illustrated by Valerie Littlewood
260 _aNew Delhi
_bRupa Publications
_c2011
270 _a7/16, Ansari Road, Daryaganj
_bNew Delhi
_e110002
300 _a119p.
_bill.
_c22cm(pbk)
700 _a Littlewood, Valerie
_938124
942 _2ddc
_cCH
_mBON
_hS
999 _c60179
_d60179